| 000 -LEADER |
| fixed length control field |
01097nam a22002657a 4500 |
| 005 - DATE AND TIME OF LATEST TRANSACTION |
| control field |
20260416124929.0 |
| 008 - FIXED-LENGTH DATA ELEMENTS--GENERAL INFORMATION |
| fixed length control field |
260415b xxu||||| |||| 00| 0 eng d |
| 040 ## - CATALOGING SOURCE |
| Transcribing agency |
Cagayan State University |
| 082 ## - DEWEY DECIMAL CLASSIFICATION NUMBER |
| Classification number |
791.4372 |
| Item number |
G795 2018 |
| 245 ## - TITLE STATEMENT |
| Title |
Green Book / |
| Statement of responsibility, etc |
directed by Peter Farrelly ; written by Nick Vallelonga, Brian Hayes Currie and Peter Farrelly. |
| 260 ## - PUBLICATION, DISTRIBUTION, ETC. (IMPRINT) |
| Place of publication, distribution, etc |
United States, China and Japan : |
| Name of publisher, distributor, etc |
Participant, DreamWorks Pictures, and Innisfree Pictures, |
| Date of publication, distribution, etc |
2018. |
| 300 ## - PHYSICAL DESCRIPTION |
| Extent |
1 videofile ( ca. 130 mins. ) : |
| Other physical details |
sound, color. |
| 520 ## - SUMMARY, ETC. |
| Summary, etc |
A working-class Italian-American bouncer becomes the driver for an African-American classical pianist on a tour of venues through the 1960s American South. |
| 546 ## - LANGUAGE NOTE |
| Language note |
In English subtitle. |
| 650 ## - SUBJECT ADDED ENTRY--TOPICAL TERM |
| Topical term or geographic name as entry element |
Comedy. |
| 650 ## - SUBJECT ADDED ENTRY--TOPICAL TERM |
| Topical term or geographic name as entry element |
Drama. |
| 650 ## - SUBJECT ADDED ENTRY--TOPICAL TERM |
| Topical term or geographic name as entry element |
Biography. |
| 700 ## - ADDED ENTRY--PERSONAL NAME |
| Personal name |
Farrelly, Peter, director and writer. |
| 700 ## - ADDED ENTRY--PERSONAL NAME |
| Personal name |
Vallelonga, Nick, writer. |
| 700 ## - ADDED ENTRY--PERSONAL NAME |
| Personal name |
Currie, Brian Hayes, writer. |
| 700 ## - ADDED ENTRY--PERSONAL NAME |
| Personal name |
Cardellini, Linda, star. |
| 700 ## - ADDED ENTRY--PERSONAL NAME |
| Personal name |
Ali, Mahershala, star. |
| 700 ## - ADDED ENTRY--PERSONAL NAME |
| Personal name |
Mortensen, Viggo, star. |
| 942 ## - ADDED ENTRY ELEMENTS (KOHA) |
| Item type |
Audio-Visual Materials |
| Source of classification or shelving scheme |
|